| 000 | 00669nam a2200229 a 4500 | ||
|---|---|---|---|
| 008 | |||
| 020 | _a1842600184 (pbk.) | ||
| 049 | _aMAIN | ||
| 090 | _aKDK1460 | ||
| 100 | 1 | _aBrennan, Frank | |
| 245 | 1 | 0 |
_aCorporation Tax : _bFinance Act 2001/ _cFrank Brennan and Paul Moore ;edited by Andrew Clarke. |
| 260 |
_aDubIin : _bThe Institute of Taxation In Ireland, _c2001. |
||
| 300 | _a13th. | ||
| 500 | _aIncludes index. | ||
| 650 | 1 | _aCorporate Tax | |
| 700 | _aMoore, Paul. | ||
| 907 |
_a.b10158649 _b13-04-05 _c10-03-05 |
||
| 003 | |||
| 005 | 20230123133950.0 | ||
| 040 | _cNUST | ||
| 942 |
_cBOOKS _kKDK1460 |
||
| 999 |
_c157686 _d157686 |
||